Statistics for Daily U.S. State Riddle #1

Click here to take the quiz!

General Stats

  • This quiz has been taken 120 times
  • The average score is 29 of 34

Answer Stats

TypeAnswer% Correct
Found LetterA
100%
Found LetterO
100%
Found LetterI
99%
Alphabet LetterN
99%
Found LetterL
98%
Alphabet LetterM
97%
Found LetterR
96%
Alphabet LetterS
96%
Alphabet LetterH
95%
Alphabet LetterG
94%
Correctly Placed LetterA
93%
Alphabet LetterE
93%
Alphabet LetterK
93%
Alphabet LetterC
91%
Alphabet LetterW
90%
Alphabet LetterT
89%
Alphabet LetterB
88%
Found LetterD
88%
Correctly Placed LetterL
87%
Alphabet LetterY
87%
Alphabet LetterU
84%
Alphabet LetterZ
81%
Alphabet LetterV
80%
Found LetterF
79%
Alphabet LetterP
79%
Alphabet LetterX
79%
Correctly Placed LetterR
77%
Alphabet LetterJ
74%
Correctly Placed LetterD
73%
Correctly Placed LetterF
73%
Mystery U.S. StateFlorida
73%
Correctly Placed LetterI
73%
Correctly Placed LetterO
73%
Alphabet LetterQ
73%

Score Distribution

Percentile by Number Answered

Percent of People with Each Score

Your Score History

You have not taken this quiz